Guess the nation to which these football teams belong - Statistics

General Stats
  • This quiz has been taken 1,049 times
  • The average score is 24 of 32
Answer Stats
Hint Answer % Correct
Royal Antwerp Belgium
93%
Maccabi Tel Aviv Israel
93%
FC Shakhtar Donetsk Ukraine
92%
Portland Timbers United States of America
92%
Brøndby IF Denmark
90%
Girona FC Spain
90%
Lech Poznan Poland
88%
APOEL Nicosia Cyprus
87%
Shandong Taishan F.C. China
86%
Sturm Graz Austria
84%
Alanyaspor Turkey
82%
Viktoria Plzen Czechia
80%
Vissel Kobe Japan
80%
Helsingin Jalkapalloklubi Finland
79%
FC Ingolstadt 04 Germany
79%
Molde FK Norway
79%
Chesterfield England
78%
Stade Brestois 29 France
77%
Dundalk FC Ireland
77%
Motherwell Scotland
75%
Ferencvaros Hungary
73%
Vitesse Netherlands
72%
Cruz Azul Mexico
71%
FC Krasnodar Russia
71%
Hammarby IF Sweden
69%
Kaizer Chiefs F.C. South Africa
67%
Qarabag FK Azerbaijan
66%
FC Sheriff Moldova
60%
Clun Atlètico Tigre Argentina
51%
Santa Clara Portugal
39%
Mura Slovenia
23%
FK Aksu Kazakhstan
20%
No matching quizzes found
Score Distribution
Percent of People with Each Score
Percentile by Number Answered
Your Score History
You have not taken this quiz